000 00660nam a2200217 a 4500
001 BRCA_952
005 20190320203224.0
008 920923s1993 nyua---###---#001-0#eng-#
020 _a0847816559
040 _aDLC
_cDLC
_dDLC
050 4 _aSB453.3.M4
_b.H33 1993
100 1 _aHaas, Antonio
_93151
245 1 0 _aGardens of Mexico
_cAntonio Haas ; photographs by Nicolas Sapieha.
260 _aNueva York
_bRizzoli
_c1993
300 _a223 p.
_bil. a color
_c29 cm.
500 _aIncluye índice alfabético
650 1 4 _aJardines
_zMéxico
_93152
650 1 4 _aJardines
_xTrabajos Ilustrados
_zMéxico
_93153
700 1 _aSapieha, Nicolas
_93154
942 _2lcc
_cB
999 _c841
_d841